00438nam a2200181Ia 4500003000400000005001700004008004100021040000700062041000800069082001900077100002700096245002000123260003900143300001000182365001300192650002900205650002200234OSt20230607081852.0210423s2011 xx 000 0 und d cAL aeng a323 223bTRIC aTRIPATHI (Madhusoodan) aConsumer rights aNew DelhibOmega Publicationc2011 a1,223 b695cINR aCivil & Political Rights aPolitical Science